000 00584nam a2200193Ii 4500
003 JO-AjNU
008 230605s9999||||xx |||||||||||||| ||und||
040 _aJO-AjNU
_bara
_erda
_cJO-AjNU
041 _aara
050 1 4 _aQA 76 .M33 2010
100 3 _aمزاهرة، ايمن واخرون,
_eauthor
_944451
245 0 0 _aمهارات الحاسوب (2)
264 3 1 _aعمان:دار الشروق، 2010
300 _a192ص
336 _atext
_btxt
_2rdacontent
337 _aunmediated
_bn
_2rdamedia
338 _avolume
_bnc
_2rdacarrier
650 4 _a الحواسيب. 
_944452
999 _aA19195
_c22763
_d22763